[Event "AUTO-MASTER-1482"]
[Site "http://www.queenalice.com/game.php?id=977721"]
[Date "2011.8.27"]
[Round "1"]
[White "ordnassela"]
[Black "amand"]
[Result "1-0"]
[WhiteElo "2292"]
[BlackElo "2143"]

1. d4 d5 2. c4 e6 3. Nc3 Nf6 4. Nf3 Be7 5. Qc2 O-O 6. Bg5 c6 7. e3 Nbd7 8. Rd1
Re8 9. Bd3 Nf8 10. O-O N6d7 11. Bxe7 Qxe7 12. h3 dxc4 13. Bxc4 Nb6 14. Bd3 Nd5
15. a3 Bd7 16. Ne2 Kh8 17. e4 Nf6 18. Nf4 Ng6 19. Nxg6+ hxg6 20. Qd2 Kg8 21. Rc1
Rac8 22. Qa5 a6 23. Qg5 Nh7 24. Qf4 Qf6 25. Qe3 Qe7 26. e5 a5 27. Nd2 Qg5 28.
Nc4 Ra8 29. Nb6 Rad8 30. Rc5 1-0

[Event "AUTO-MASTER-1482"]
[Site "http://www.queenalice.com/game.php?id=977732"]
[Date "2011.8.27"]
[Round "1"]
[White "deep"]
[Black "ordnassela"]
[Result "0-1"]
[WhiteElo "2035"]
[BlackElo "2245"]

1. d4 e6 2. c4 Nf6 3. Nc3 Bb4 4. a3 Bxc3+ 5. bxc3 c5 6. Nf3 O-O 7. Bg5 h6 8. Bh4
Qa5 9. Bxf6 Qxc3+ 10. Nd2 gxf6 11. e3 cxd4 12. Rc1 Qxa3 13. exd4 Nc6 14. Rb1 f5
15. Rb3 Qa5 16. Qh5 Kh7 17. Rh3 Qa1+ 18. Ke2 Nxd4+ 19. Kd3 Qa3+ 20. Kxd4 e5+ 21.
Kxe5 Qb2+ 22. Kxf5 d5+ 23. Kf4 Qxd2+ 24. Kf3 Qc3+ 25. Ke2 Bxh3 26. Qxh3 Qc2+ 27.
Kf3 Qe4+ 0-1

[Event "AUTO-MASTER-1482"]
[Site "http://www.queenalice.com/game.php?id=977733"]
[Date "2011.8.27"]
[Round "1"]
[White "ordnassela"]
[Black "deep"]
[Result "1-0"]
[WhiteElo "2212"]
[BlackElo "2007"]

1. c4 e5 2. Nc3 Nf6 3. Nf3 e4 4. Ng5 Qe7 5. Qc2 d5 6. cxd5 Bf5 7. f3 h6 8. Ngxe4
Nxe4 9. fxe4 Bg6 10. Qb3 b6 11. g3 Bxe4 12. Qa4+ 1-0

[Event "AUTO-MASTER-1482"]
[Site "http://www.queenalice.com/game.php?id=977738"]
[Date "2011.8.27"]
[Round "1"]
[White "Nando_Oliveira"]
[Black "ordnassela"]
[Result "0-1"]
[WhiteElo "1856"]
[BlackElo "2346"]

1. e4 e5 2. Bc4 Nf6 3. d3 c6 4. Nf3 Be7 5. Nc3 O-O 6. Be3 d5 7. exd5 cxd5 8. Bb3
d4 9. Bd2 dxc3 10. Bxc3 Nc6 11. Nxe5 Nxe5 12. Bxe5 Bd6 13. Bxd6 Re8+ 14. Kf1
Qxd6 15. h3 Bd7 16. Qd2 a5 17. Re1 Rxe1+ 18. Qxe1 a4 19. Bc4 Re8 20. Qd2 b5 21.
Bxf7+ Kxf7 22. h4 Nd5 23. h5 Qf6 24. c4 Ne3+ 25. Kg1 Nxg2 26. Kxg2 Bc6+ 27. Kg1
a3 28. b3 Bf3 29. Rh3 Qa1+ 30. Kh2 Qh1+ 31. Kg3 Qg2+ 0-1

[Event "AUTO-MASTER-1482"]
[Site "http://www.queenalice.com/game.php?id=977739"]
[Date "2011.8.27"]
[Round "1"]
[White "ordnassela"]
[Black "Nando_Oliveira"]
[Result "1-0"]
[WhiteElo "2346"]
[BlackElo "1920"]

1. Nf3 g6 2. e4 Nc6 3. d4 d6 4. d5 Ne5 5. Nxe5 dxe5 6. Bb5+ Bd7 7. Bxd7+ Qxd7 8.
c4 Nf6 9. Nc3 e6 10. O-O exd5 11. exd5 Qd6 12. Re1 O-O-O 13. Bg5 Be7 14. Nb5 Qa6
15. a4 Qb6 16. Rxe5 Bc5 17. a5 Qa6 18. Qf3 Nd7 19. Ree1 Rdf8 20. Be7 Bxe7 21.
Rxe7 Nb6 22. Qf4 Nd7 23. Qxc7# 1-0

[Event "QA-ANNIV-07"]
[Site "http://www.queenalice.com/game.php?id=992207"]
[Date "2011.10.1"]
[Round "2"]
[White "ordnassela"]
[Black "josedesouza"]
[Result "1-0"]
[WhiteElo "2346"]
[BlackElo "1448"]

1. d4 Nf6 2. Bf4 Nc6 3. Nc3 e6 4. e3 Bb4 5. Bd3 d5 6. Nf3 h6 7. O-O O-O 8. h3 b6
9. Nb5 a6 10. a3 Ba5 11. Nxc7 Ra7 12. b4 Nxb4 13. axb4 Bxb4 14. Nxa6 Bd6 15.
Bxd6 Qxd6 16. Qb1 Bd7 17. Qb4 Qc6 18. Ne5 Qc8 19. Qxb6 Rb7 20. Qd6 Re8 21. Nc5
Rc7 22. Rfb1 Qd8 23. Ncxd7 Nxd7 24. Nc6 Qc8 25. Ra8 Qxa8 26. Qxc7 Nf6 27. Rb7
Qc8 28. Qxf7+ Kh8 29. Qxg7# 1-0

[Event "AUTO-MASTER-1482"]
[Site "http://www.queenalice.com/game.php?id=1010002"]
[Date "2011.11.18"]
[Round "2"]
[White "fabianoo"]
[Black "ordnassela"]
[Result "0-1"]
[WhiteElo "1995"]
[BlackElo "2348"]

1. e4 Nf6 2. e5 Nd5 3. d4 d6 4. c4 Nb6 5. f4 dxe5 6. fxe5 Nc6 7. Be3 Bf5 8. Nf3
e6 9. Nc3 Qd7 10. a4 Bb4 11. Be2 Na5 12. c5 Nd5 13. Bd2 Ne7 14. O-O h6 15. Nb1
Bxd2 16. Nbxd2 g5 17. b4 Nac6 18. Bb5 g4 19. Ne1 Qxd4+ 20. Kh1 O-O-O 21. Bxc6
Nxc6 22. b5 Nxe5 23. Ra2 Nc4 0-1

[Event "AUTO-MASTER-1482"]
[Site "http://www.queenalice.com/game.php?id=1010003"]
[Date "2011.11.18"]
[Round "2"]
[White "ordnassela"]
[Black "fabianoo"]
[Result "1-0"]
[WhiteElo "2346"]
[BlackElo "1995"]

1. d4 e6 2. e4 b6 3. Nf3 Bb7 4. Bd3 h6 5. O-O Nf6 6. e5 Nd5 7. a3 Be7 8. c4 Nf6
9. exf6 Bxf6 10. Be3 a5 11. Nc3 O-O 12. Re1 d5 13. cxd5 exd5 14. Bc2 Na6 15. Qd3
g6 16. Bxh6 Bg7 17. Bxg7 Kxg7 18. Re6 Rg8 19. Rxg6+ fxg6 20. Qxg6+ Kf8 21. Qf5+
Kg7 22. Ne5 Qf6 23. Qh7+ Kf8 24. Nd7+ 1-0

[Event "ASIA+EUROPA"]
[Site "http://www.queenalice.com/game.php?id=1041456"]
[Date "2012.3.22"]
[Round "1"]
[White "ordnassela"]
[Black "puddschini"]
[Result "1-0"]
[WhiteElo "2349"]
[BlackElo "2574"]

1. d4 d5 2. c4 e6 3. Nf3 Nf6 4. Bg5 Be7 5. Nc3 c6 6. e3 Nbd7 7. Be2 O-O 8. O-O
dxc4 9. Bxc4 Nd5 10. Bxe7 Qxe7 11. Rc1 Nxc3 12. Rxc3 e5 13. Qc2 exd4 14. exd4
Nb6 15. Re3 Qf6 16. Bb3 Bf5 17. Qc5 h6 18. Rfe1 Nd7 19. Qb4 Nb6 20. h3 Nd5 21.
Bxd5 cxd5 22. Qxb7 Rab8 23. Qe7 Qxe7 24. Rxe7 Rxb2 25. Rxa7 Be4 26. Ne5 Rc8 27.
Rxf7 Rxa2 28. Re3 Rd2 29. Rg3 g5 30. Ra3 Rxd4 31. Raa7 Rf8 32. Rg7+ Kh8 33. f3
Bf5 34. Rge7 Rb4 35. g4 1-0

[Event "ASIA+EUROPA"]
[Site "http://www.queenalice.com/game.php?id=1080634"]
[Date "2012.7.8"]
[Round "2"]
[White "Chezzdevil"]
[Black "ordnassela"]
[Result "1/2-1/2"]
[WhiteElo "2507"]
[BlackElo "2368"]

1. d4 e6 2. c4 Nf6 3. Nc3 Bb4 4. e3 b6 5. Ne2 Bb7 6. a3 Be7 7. d5 O-O 8. Ng3 a5
9. e4 Na6 10. Be2 Bc5 11. Bf4 d6 12. O-O Nd7 13. Kh1 Re8 14. Qc2 Bd4 15. Nb5 Bf6
16. Rab1 g6 17. Bh6 Bg5 18. Bxg5 Qxg5 19. f4 Qh4 20. b4 axb4 21. axb4 Rf8 22.
Qc1 e5 23. f5 Nf6 24. Bf3 Qf4 25. Qe1 Qg5 26. Rb3 h5 27. fxg6 fxg6 28. Ne2 Qh6
29. h4 Qg7 30. Kg1 Kh7 31. Nbc3 Bc8 32. Rb2 Ng4 33. Nc1 Nb8 34. Nd3 Qe7 35. Nb5
Kg7 36. Qg3 c6 37. Nc3 g5 38. Qe1 gxh4 39. Qd2 c5 40. Nb5 Bd7 41. bxc5 bxc5 42.
Nxd6 Qxd6 43. Qg5+ Qg6 44. Qxh4 Bc8 45. Nxc5 Ne3 46. Qe7+ Rf7 47. Qe8 Nc6 48.
dxc6 Nxf1 49. Qxe5+ Qf6 50. Qxf6+ Rxf6 51. e5 Rxf3 52. gxf3 Ne3 53. Nd7 Nxc4 54.
Rg2+ Kf7 55. f4 Ra1+ 56. Kh2 Rf1 57. Rg5 Rxf4 58. Rxh5 Bxd7 59. cxd7 Rd4 60. Rh8
Rxd7 61. Rh7+ Ke6 62. Rxd7 Kxd7 1/2-1/2

[Event "ASIA+EUROPA"]
[Site "http://www.queenalice.com/game.php?id=1118154"]
[Date "2012.11.1"]
[Round "3"]
[White "ordnassela"]
[Black "Chandra"]
[Result "1-0"]
[WhiteElo "2372"]
[BlackElo "2617"]

1. e4 c5 2. Nf3 d6 3. d4 cxd4 4. Nxd4 Nf6 5. Nc3 a6 6. Bg5 Nc6 7. Qd2 e6 8.
O-O-O h6 9. Nxc6 bxc6 10. Bf4 d5 11. Qe3 Bb4 12. Be2 O-O 13. e5 Ne8 14. Qg3 Kh8
15. Rd3 Be7 16. Qg4 f6 17. Bxh6 fxe5 18. Qg6 Kg8 19. Ne4 Qc7 20. Bxg7 Bg5+ 21.
Nxg5 Qxg7 22. Qh5 Qh8 23. Qxh8+ Kxh8 24. f3 Nd6 25. Re3 Ra7 26. g4 e4 27. fxe4
Kg7 28. exd5 exd5 29. Ne6+ Bxe6 30. Rxe6 Rf6 31. Rxf6 Kxf6 32. h4 Kg7 33. Bd3
Re7 34. g5 Ne4 35. Rf1 a5 36. Rf4 Re5 37. Bxe4 dxe4 38. Kd2 1-0

[Event "ASIA+EUROPA"]
[Site "http://www.queenalice.com/game.php?id=1154896"]
[Date "2013.2.23"]
[Round "4"]
[White "kasker"]
[Black "ordnassela"]
[Result "0-1"]
[WhiteElo "2481"]
[BlackElo "2391"]

1. e4 e5 2. f4 exf4 3. Nf3 d6 4. Bc4 h6 5. d4 g5 6. O-O Bg7 7. g3 Bh3 8. Rf2 Nc6
9. Nc3 g4 10. d5 Nce7 11. Nd4 f3 12. Bb5+ Kf8 13. Nce2 c5 14. dxc6 bxc6 15. Nf4
cxb5 16. Nde6+ fxe6 17. Nxe6+ Kf7 18. Nxd8+ Rxd8 19. a4 b4 20. Qd3 Nf6 21. Qc4+
d5 22. exd5 Nf5 23. Bd2 Rhe8 24. Bxb4 Ne4 25. d6+ Kg6 26. d7 Rxd7 27. Qc6+ Nf6
28. Bc5 Nd4 29. Bxd4 Rxd4 30. a5 Rde4 31. Qc3 Bf8 32. a6 Re3 33. Qd2 Bc5 34. b4
Ne4 35. Qc1 Re1+ 36. Qxe1 Bxf2+ 37. Qxf2 Nxf2 38. Kxf2 Re2+ 39. Kg1 f2+ 40. Kh1
Re1+ 41. Rxe1 fxe1=R# 0-1

[Event "ASIA+EUROPA"]
[Site "http://www.queenalice.com/game.php?id=1186914"]
[Date "2013.6.1"]
[Round "5"]
[White "agmac"]
[Black "ordnassela"]
[Result "1/2-1/2"]
[WhiteElo "2458"]
[BlackElo "2425"]

1. e4 c5 2. Nf3 d6 3. d4 cxd4 4. Nxd4 Nf6 5. Nc3 a6 6. f3 e5 7. Nb3 Be6 8. Be3
Nbd7 9. g4 Nb6 10. g5 Nh5 11. Qd2 Be7 12. Qf2 Nd7 13. h4 Rc8 14. O-O-O Rxc3 15.
bxc3 Qc7 16. Kb1 O-O 17. Bh3 Bxh3 18. Rxh3 Qxc3 19. Rh2 Rc8 20. Qe1 Qc4 21. Qe2
Qc7 22. Qd2 Nf4 23. Nc1 Ne6 24. Nd3 Nb6 25. Nb2 d5 26. Bxb6 Qxb6 27. Qxd5 Rc5
28. Qd3 Rc6 29. c3 Ba3 30. Rc2 g6 31. Qd2 Kf8 32. Qd5 Qc7 33. Qb3 Be7 34. Qa4
Kg7 35. Nd3 Bd6 36. Rcc1 Qb6+ 37. Qb3 Qe3 38. Nb4 Rb6 39. Ka1 Qxf3 40. Rf1 Qh3
41. Qd1 Qxh4 42. Nd5 Rc6 43. Qf3 Nf4 44. Rg1 Qh3 45. Rg3 Qe6 46. Qh1 h5 47.
gxh6+ Kh7 48. Rf1 Be7 49. Qf3 Bh4 50. Rg4 g5 51. Rfg1 b5 52. Kb2 Rd6 53. a3 a5
54. Rxg5 Bxg5 55. Rxg5 Qxh6 56. Rf5 Qh2+ 1/2-1/2

[Event "Challenge"]
[Site "http://www.queenalice.com/game.php?id=1190796"]
[Date "2013.6.14"]
[Round "-"]
[White "prego"]
[Black "ordnassela"]
[Result "0-1"]
[WhiteElo "1929"]
[BlackElo "2405"]

1. e4 Nf6 2. e5 Nd5 3. d4 d6 4. Nf3 g6 5. Bc4 Nb6 6. Bb3 Bg7 7. Ng5 d5 8. f4 Bf5
9. c3 Qd7 10. O-O f6 11. exf6 Bxf6 12. a4 Nc6 13. a5 Nxa5 14. Rxa5 Bxb1 15. Qe2
Bf5 16. Bd2 h6 17. Nf3 a6 18. Ne5 Bxe5 19. fxe5 O-O-O 20. Be3 Bg4 21. Qd2 g5 22.
Rf7 Rdf8 23. Rf2 Rxf2 24. Qxf2 Qe8 25. Qc2 Rf8 26. h3 Bf5 27. Qe2 Qg6 28. Qf3
Rf7 29. Ra1 Bd3 30. Qg4+ Kb8 31. Re1 Bc4 32. Bxc4 Nxc4 33. Bc1 e6 34. Qe2 h5 35.
b3 Na5 36. Qa2 g4 37. h4 g3 38. Bg5 Rf2 39. Qb1 Rc2 40. Kh1 Qf5 41. b4 Qf2 42.
Rg1 Nc4 43. Qe1 Re2 44. Qxf2 gxf2 45. Rf1 Re1 46. g4 Rxf1+ 47. Kg2 Rg1+ 48. Kxf2
Rxg4 49. Ke2 Rg3 50. Bf4 Rxc3 51. Bg3 Rxg3 0-1

[Event "Challenge"]
[Site "http://www.queenalice.com/game.php?id=1190891"]
[Date "2013.6.14"]
[Round "-"]
[White "ordnassela"]
[Black "DINTERINBEBIM"]
[Result "1/2-1/2"]
[WhiteElo "2404"]
[BlackElo "2452"]

1. d4 Nf6 2. c4 e5 3. dxe5 Ng4 4. Bf4 Nc6 5. Nf3 Bb4+ 6. Nbd2 Qe7 7. a3 Ngxe5 8.
Nxe5 Nxe5 9. e3 Bxd2+ 10. Qxd2 d6 11. Rc1 O-O 12. c5 dxc5 13. Qd5 Ng6 14. Bg3
Qf6 15. Bc4 Qxb2 1/2-1/2

[Event "Challenge"]
[Site "http://www.queenalice.com/game.php?id=1208496"]
[Date "2013.8.15"]
[Round "-"]
[White "preggo"]
[Black "ordnassela"]
[Result "0-1"]
[WhiteElo "2274"]
[BlackElo "2462"]

1. e4 a6 2. d4 e6 3. Nf3 d5 4. Nc3 Nf6 5. Bd3 c5 6. exd5 exd5 7. O-O c4 8. Re1+
Be7 9. Be2 Nc6 10. Ne5 Be6 11. Nxc6 bxc6 12. Bf4 Bd6 13. Be5 O-O 14. Bf3 Re8 15.
Qd2 a5 16. b3 cxb3 17. axb3 Bb4 18. Re3 Nd7 19. Bf4 Qf6 20. Bg3 Bf5 21. Rae1 Re6
22. Rxe6 fxe6 23. Qe3 Bxc2 24. Qxe6+ Qxe6 25. Rxe6 Bxb3 26. Rxc6 Re8 27. h4 Re1+
28. Kh2 Rc1 29. Rc7 Nf6 30. Rc8+ Kf7 31. Rc7+ Kg6 32. h5+ Kf5 33. Nxd5 Rxc7 34.
Nxc7 a4 35. Na6 Be7 36. Bc7 a3 37. Ba5 Bd6+ 38. Kg1 Ne4 39. Bxe4+ Kxe4 40. Bc3
Kd3 41. Ba1 a2 42. Nc5+ Kc2 43. g3 Bc7 44. Nxb3 Kxb3 45. d5 Kc4 46. Bxg7 Kxd5
47. Kg2 Be5 48. Bh6 a1=Q 49. Be3 Ke4 50. Bg5 Qd1 51. Be3 Kd3 52. Bg5 Ke2 53. Bh6
Qf1+ 54. Kh2 Kf3 55. Bf4 Qg2# 0-1

[Event "Challenge"]
[Site "http://www.queenalice.com/game.php?id=1208498"]
[Date "2013.8.15"]
[Round "-"]
[White "ordnassela"]
[Black "preggo"]
[Result "1-0"]
[WhiteElo "2458"]
[BlackElo "2281"]

1. c4 e5 2. Nc3 Nf6 3. Nf3 Nc6 4. a3 h6 5. e3 e4 6. Nd4 Bc5 7. Nf5 O-O 8. b4 Be7
9. Ng3 d6 10. Qc2 Be6 11. Ncxe4 Nxe4 12. Nxe4 Re8 13. Nc3 d5 14. cxd5 Bxd5 15.
Bb2 Kh8 16. Nxd5 Qxd5 17. Qc4 Qf5 18. Be2 Rad8 19. O-O f6 20. d4 Bd6 21. Bf3 Rb8
22. Rfe1 a5 23. Bc3 axb4 24. axb4 Ne7 25. b5 Nc8 26. h3 Nb6 27. Qb3 Nc8 28. e4
Qg6 29. e5 fxe5 30. dxe5 Bc5 31. Qc4 Bb6 32. Rad1 Qg5 33. Re4 Ne7 34. Rg4 Qf5
35. e6 Rg8 36. Rh4 Rgd8 37. Rd7 Qb1+ 38. Bd1 Nf5 39. Bxg7+ Kh7 40. Bxh6+ Rxd7
41. Bc1+ Nxh4 42. Bc2+ Qxc2 43. Qxc2+ Ng6 44. exd7 Rf8 45. Qd2 Nf4 46. Ba3 c5
47. bxc6 Nxh3+ 48. gxh3 Rg8+ 49. Kf1 bxc6 50. Bb2 Bc7 51. Qc2+ Rg6 52. Qf5 Kh6
53. Qf7 Kg5 54. Bc1+ Kh5 55. Qh7+ Rh6 56. Qxh6# 1-0

[Event "Challenge 1"]
[Site "http://www.queenalice.com/game.php?id=1215656"]
[Date "2013.9.9"]
[Round "-"]
[White "DINTERINBEBIM"]
[Black "ordnassela"]
[Result "0-1"]
[WhiteElo "2426"]
[BlackElo "2451"]

1. f4 Nf6 2. Nf3 g6 3. b3 Bg7 4. Bb2 O-O 5. e3 c5 6. c4 d6 7. Be2 Nc6 8. O-O Re8
9. Nc3 e5 10. fxe5 dxe5 11. Nd5 e4 12. Nxf6+ Bxf6 13. Bxf6 Qxf6 14. Nd4 Qd6 15.
Nxc6 Qxc6 16. h4 Be6 17. h5 Qc7 18. Rc1 Rad8 0-1

[Event "Challenge 2"]
[Site "http://www.queenalice.com/game.php?id=1215657"]
[Date "2013.9.9"]
[Round "-"]
[White "ordnassela"]
[Black "DINTERINBEBIM"]
[Result "1-0"]
[WhiteElo "2443"]
[BlackElo "2434"]

1. d4 c5 2. d5 Nf6 3. c4 b5 4. cxb5 a6 5. bxa6 Bxa6 6. Nc3 g6 7. Nf3 d6 8. g3
Bg7 9. e4 Bxf1 10. Kxf1 O-O 11. Kg2 Nbd7 12. h3 Qa5 13. Bd2 Rfb8 14. Qc2 Ne8 15.
a4 Qa6 16. Bg5 Kf8 17. Nb5 Rc8 18. Ra3 1-0

[Event "Challenge 3"]
[Site "http://www.queenalice.com/game.php?id=1215658"]
[Date "2013.9.9"]
[Round "-"]
[White "DINTERINBEBIM"]
[Black "ordnassela"]
[Result "0-1"]
[WhiteElo "2442"]
[BlackElo "2435"]

1. b4 e5 2. Bb2 Bxb4 3. Bxe5 Nf6 4. Nc3 Be7 5. Nf3 O-O 6. Rb1 d5 7. e3 c5 8. Bd3
a6 9. a4 Nc6 10. Bxf6 Bxf6 11. h3 Rb8 12. O-O c4 13. Be2 Bf5 14. d4 Qa5 15. Qd2
Be7 16. g4 Be6 17. Na2 Qxa4 18. Ra1 Rfd8 0-1

[Event "Challenge 4"]
[Site "http://www.queenalice.com/game.php?id=1215671"]
[Date "2013.9.9"]
[Round "-"]
[White "ordnassela"]
[Black "DINTERINBEBIM"]
[Result "1-0"]
[WhiteElo "2426"]
[BlackElo "2451"]

1. e4 d5 2. exd5 Nf6 3. d4 Nxd5 4. c4 Nb6 5. Nf3 Bg4 6. c5 N6d7 7. Be2 e6 8. Qb3
b6 9. Bf4 Nf6 10. Nc3 Be7 11. h3 Bf5 12. Nh4 Qxd4 13. Be3 Qd7 14. Nxf5 exf5 15.
Rd1 Qc8 16. Qa4+ c6 17. cxb6 1-0